| 000 | 00509nam a22001577a 4500 | ||
|---|---|---|---|
| 003 | OSt | ||
| 005 | 20151117151848.0 | ||
| 008 | 151117b xxu||||| |||| 00| 0 eng d | ||
| 040 | _cRUA | ||
| 082 | _aFIS អ៊ុក 1993 B150 Or.1 | ||
| 100 |
_93809 _aអ៊ុក វិបុល |
||
| 245 | _aការចិញ្ចឹមបង្គានៅខេត្តកោះកុង ឆ្នាំ១៩៩៣-១៩៩៤ | ||
| 260 |
_aPhnom Penh _bRUA _c1993 |
||
| 300 |
_a89p. _bill. _c29cm. |
||
| 942 |
_2ddc _cFIS |
||
| 999 |
_c3542 _d3542 |
||